|
|
|
|
| LEADER |
00789nam a22001817a 4500 |
| 082 |
|
|
|a 894.M1
|b KRI14/K J3
|
| 100 |
|
|
|a കൃഷ്ണ൯ പറപ്പള്ളി
|9 155010
|
| 100 |
|
|
|a Krishnan Parappally
|9 155011
|
| 240 |
|
|
|a Kavitha narthaki
|
| 245 |
|
|
|a കവിതാന൪ത്തകി
|
| 250 |
|
|
|a 1st
|
| 260 |
|
|
|a Bombay;
|b Princeley Publications;
|c 1953
|
| 300 |
|
|
|a xx;53p.
|
| 650 |
|
|
|a മലയാളം; മലയാളസാഹിത്യം; മലയാളം കവിതകള്
|9 155012
|
| 650 |
|
|
|a Malayalam; Malayalam Literature; Malayalam Poetry
|9 155013
|
| 942 |
|
|
|c BK
|
| 999 |
|
|
|c 41352
|d 41352
|
| 952 |
|
|
|0 0
|1 0
|4 0
|6 894_000000000000000_M1_KRI14_K_J3
|7 0
|8 POE
|9 47397
|a MAL
|b MAL
|d 2015-07-03
|e 14987
|g 1.00
|l 0
|o 894.M1 KRI14/K J3
|p MAL014987
|r 2015-07-03
|t 1
|w 2015-07-03
|y BK
|